| 000 | 03867cam a22002054a 4500 | ||
|---|---|---|---|
| 005 | 20250605164032.0 | ||
| 008 | 250528s ||||||||||||||||||||||||d | ||
| 035 | _a16684 | ||
| 020 | _a9602205806 | ||
| 040 |
_aGR-AtMCL _bgre _dGR-AtMCL _eAACR2 |
||
| 245 | 1 | _aΞενοδοχειάκη Λογιστική | |
| 260 |
_bΠειραιάς, _c1994 |
||
| 300 | _a480 | ||
| 505 | 0 | _aΠρόλογος, Εισαγωγή, Ξενοδοχειακές Επιχειρήσεις, Οργάνωση Ξενοδοχειακών Επιχειρήσεων, Βιβλία και Στοιχεία Ξενοδοχειακών Επιχειρήσεων, Οι Σχέσεις του Ξενοδοχείου με Διάφορες Υπηρεσίες, Οι Δείκτες στην Ξενοδοχειακή Επιχείρηση, Μελέτη Λογιστικού Σχεδίου των Ξενοδοχειακών Επιχειρήσεων, Ανάλυση και Λειτουργία των Λογαριασμών της 1ης Ομάδος, Ανάλυση και Λειτουργία των Λογαριασμών της 2ης Ομάδος, Ανάλυση και Λειτουργία των Λογαριασμών της 3ης Ομάδος, Ανάλυση και Λειτουργία των Λογαριασμών της 4ης Ομάδος, Ανάλυση και Λειτουργία των Λογαριασμών της 5ης Ομάδος, Ανάλυση και Λειτουργία των Λογαριασμών της 6ης Ομάδος, Ανάλυση και Λειτουργία των Λογαριασμών της 7ης Ομάδος, Ανάλυση και Λειτουργία των Λογαριασμών της 8ης Ομάδος, Ανάλυση και Λειτουργία των Λογαριασμών της 10ης Ομάδος, Παράδειγμα Εφαρμογής, Αναλυτική Λογιστική Εκμεταλλεύσεως, Παράδειγμα Εφαρμογής της Αναλυτικής Λογιστικής, Παράρτημα, Βιβλιογραφία. | |
| 520 | _aΠρόλογος, Εισαγωγή, Ξενοδοχειακές Επιχειρήσεις, Οργάνωση Ξενοδοχειακών Επιχειρήσεων, Βιβλία και Στοιχεία Ξενοδοχειακών Επιχειρήσεων, Οι Σχέσεις του Ξενοδοχείου με Διάφορες Υπηρεσίες, Οι Δείκτες στην Ξενοδοχειακή Επιχείρηση, Μελέτη Λογιστικού Σχεδίου των Ξενοδοχειακών Επιχειρήσεων, Ανάλυση και Λειτουργία των Λογαριασμών της 1ης Ομάδος, Ανάλυση και Λειτουργία των Λογαριασμών της 2ης Ομάδος, Ανάλυση και Λειτουργία των Λογαριασμών της 3ης Ομάδος, Ανάλυση και Λειτουργία των Λογαριασμών της 4ης Ομάδος, Ανάλυση και Λειτουργία των Λογαριασμών της 5ης Ομάδος, Ανάλυση και Λειτουργία των Λογαριασμών της 6ης Ομάδος, Ανάλυση και Λειτουργία των Λογαριασμών της 7ης Ομάδος, Ανάλυση και Λειτουργία των Λογαριασμών της 8ης Ομάδος, Ανάλυση και Λειτουργία των Λογαριασμών της 10ης Ομάδος, Παράδειγμα Εφαρμογής, Αναλυτική Λογιστική Εκμεταλλεύσεως, Παράδειγμα Εφαρμογής της Αναλυτικής Λογιστικής, Παράρτημα, Βιβλιογραφία. | ||
| 700 | 1 |
_aΛεκαράκου - Νιζάμη Κατερίνα _92772 |
|
| 942 | _cBK | ||
| 999 |
_c2159 _d2159 |
||